Economics : (Record no. 144146)

MARC details
000 -LEADER
fixed length control field 00731nam a22002538a 4500
008 - FIXED-LENGTH DATA ELEMENTS--GENERAL INFORMATION
fixed length control field
020 ## - INTERNATIONAL STANDARD BOOK NUMBER
International Standard Book Number 0273037773 (pbk. )
049 ## - LOCAL HOLDINGS (OCLC)
Holding library MAIN
090 ## - LOCALLY ASSIGNED LC-TYPE CALL NUMBER (OCLC); LOCAL CALL NUMBER (RLIN)
Classification number (OCLC) (R) ; Classification number, CALL (RLIN) (NR) HB171.5 BEA
003 - CONTROL NUMBER IDENTIFIER
control field
005 - DATE AND TIME OF LATEST TRANSACTION
control field 20230123133200.0
040 ## - CATALOGING SOURCE
Transcribing agency NUST
100 1# - MAIN ENTRY--PERSONAL NAME
Personal name Beardshaw, John.
245 10 - TITLE STATEMENT
Title Economics :
Remainder of title a student's guide /
Statement of responsibility, etc. John Beardshaw.
250 ## - EDITION STATEMENT
Edition statement 3rd ed. /
Remainder of edition statement John Beardshaw with contributions by Andy Ross.
260 ## - PUBLICATION, DISTRIBUTION, ETC.
Place of publication, distribution, etc. London :
Name of publisher, distributor, etc. Pitman,
Date of publication, distribution, etc. 1992.
300 ## - PHYSICAL DESCRIPTION
Extent xiv, 751 p. :
Other physical details ill., maps ;
Dimensions 25 cm.
500 ## - GENERAL NOTE
General note Previous ed.: 1989.
500 ## - GENERAL NOTE
General note Includes index.
653 0# - INDEX TERM--UNCONTROLLED
Uncontrolled term Economics
700 1# - ADDED ENTRY--PERSONAL NAME
Personal name Ross, Andy.
907 ## - LOCAL DATA ELEMENT G, LDG (RLIN)
a .b10036465
b 20-10-14
c 17-04-03
942 ## - ADDED ENTRY ELEMENTS (KOHA)
Koha item type Ordinary Loan Books
Call number prefix HB171.5 BEA
Holdings
Date last seen Total Checkouts Full call number Barcode Cost, replacement price Price effective from Koha item type Lost status Source of classification or shelving scheme Damaged status Not for loan Collection Withdrawn status Home library Current library Shelving location Date acquired Cost, normal purchase price
01/23/2023 93 HB171.5 BEA 92003021890 80.00 01/23/2023 BOOKS   LCC     NFIC   MAIN MAIN GEN 01/23/2023 80.00